| 000 | 00378 a2200169 4500 | ||
|---|---|---|---|
| 001 | 163176 | ||
| 020 | _a85-08-03225-0 | ||
| 040 | _cMagnum | ||
| 100 | _aFranco, Silvia Cintra | ||
| 240 | 1 | 0 |
_aAventura no império do sol _lpor |
| 245 | 1 | 0 | _aAventura no império do sol |
| 300 | _a112 | ||
| 362 | 0 | _a1993 | |
| 440 | 1 | _aÁtica | |
| 697 | _aLITERATURA JUVENIL | ||
| 942 | _cBK | ||
| 999 |
_c163176 _d163176 |
||